| 000 | 01030nam a2200229 u 4500 | ||
|---|---|---|---|
| 001 | 000345235 | ||
| 003 | AM-YeHGA | ||
| 005 | 20250618072145.0 | ||
| 008 | 040621s1975 ai r 000 0 arm d | ||
| 040 | _aAM-YeHGA | ||
| 041 | 0 | _aarm | |
| 080 | _a616В7 | ||
| 090 | _aՀ-42 | ||
| 100 | 1 |
_aՀարությունյան, Վիլեն Միլիտոսի, _d1933-2006 _91195 |
|
| 245 | 1 | 0 |
_aՄակերիկամների հիվանդությունները / _cՎ.Մ. Հարությունյան; Մասն. խմբ.՝ Ա.Ա. Հարությունյան; ՀՍՍՀ Առողջապահ. մինիստր. հանրապետ. սանլուստուն. |
| 260 |
_aԵրևան : _bՀայաստան, _c1975. |
||
| 300 |
_a20 էջ ; _c21 սմ. |
||
| 650 | 1 | 4 |
_aԲժշկություն _xՄակերիկամների հիվանդություններ |
| 700 | 1 |
_aՀարությունյան, Ա.Ա. _eխմբ. _4edt |
|
| 710 | 2 | _aՀՍՍՀ Առողջապահության մինիստրության հանրապետական սանլուստուն | |
| 090 | _c132784 | ||
| 999 |
_c131418 _d131418 |
||